[Event "8th Holuj-Radzikowska Rapid 2018"]
[Site "Wroclaw"]
[Date "2018.12.10"]
[Round "3"]
[White "Szczepkowska, Karina"]
[Black "Harika, Dronavalli"]
[Result "0-1"]
[WhiteElo "2408"]
[BlackElo "2494"]
[Annotator "TA"]
[PlyCount "144"]
[EventDate "2018.11.26"]
[EventType "schev"]
[EventCountry "POL"]
[SourceTitle "playchess.com"]
[Source "ChessBase"]
[SourceQuality "1"]
[WhiteTeam "Poland"]
[BlackTeam "World"]
[WhiteTeamCountry "POL"]

{[%evp 21,144,45,30,-76,-14,-33,-35,-39,0,0,0,-52,-10,-16,-12,-9,9,0,7,-25,31,0,39,-15,-14,-74,37,-4,-15,-69,16,-48,4,0,32,-75,0,0,0,-49,-48,-87,-3,-26,0,-105,-98,-298,-83,-241,-71,-75,-70,-77,-77,-113,-112,-91,-64,-108,-58,-110,-104,-90,-15,-11,0,0,0,0,0,-43,0,-18,0,-45,0,-38,0,0,0,0,0,0,0,0,0,0,104,19,101,91,97,0,0,-66,-71,-75,-70,-80,-80,-80,0,0,0,0,0,0,0,0,0,0,0,0,0,0,0,0,0,0,0,0,0,-29985,8]} 1. d4 d6 2. Nf3 Nf6 3. c4 g6 4. Nc3 Bg7 5. g3 O-O 6. Bg2 Nbd7 7. O-O e5 8. Qc2 Re8 9. Rd1 c6 10. b3 e4 11. Ng5 e3 {LiveBook: 17 Games} 12. f4 {E67: King's Indian: Fianchetto: 6...Nbd7} (12. fxe3 $11 Ng4 13. e4) (12. fxe3 h6 13. Nge4 d5 14. Nd6 Re6 15. c5 Ne8 16. Nxe8 Qxe8 17. e4 dxe4 18. Nxe4 Nxc5 19. Nc3 Rd6 {½-½ (30) Edouard,R (2639)-Sheng,J (2187) Arlington 2015}) 12... Nf8 $146 (12... Ng4 $17) ({Predecessor:} 12... Nb6 13. Nf3 h5 14. Nh4 Ng4 15. Nf3 Bf5 16. Qb2 Bf6 17. Rf1 c5 18. dxc5 dxc5 19. h3 Nf2 {0-1 (32) Oussedik,M (2243)-Haddouche,M (2504) Staouali 2014}) 13. Ba3 Bf5 14. Qc1 $1 {Black is slightly better.} Qd7 15. Nf3 Ng4 16. Rf1 (16. d5 $1 $11 c5 17. Re1) 16... Nf2 (16... Ne6 {keeps more tension.} 17. d5 Nc5 18. dxc6 bxc6 19. b4 Ne6) 17. Nd1 $1 Nxd1 18. Rxd1 Rad8 19. Bb2 Be4 20. Re1 Bf5 (20... Ne6 $11) 21. Rd1 h5 22. Nh4 (22. d5 $14) 22... Bg4 $11 23. Bf1 (23. Nf3 $11) 23... Re4 (23... d5 $17) 24. Bg2 Re7 25. Bf1 (25. Qc2 $1 $11) 25... Rde8 (25... d5 $15) 26. Ng2 (26. d5 $11) 26... Bf5 (26... d5 $15) 27. Nh4 Bh3 28. Rd3 (28. d5 $14 {stays ahead.}) 28... Nh7 ({Black should play} 28... Bf6 $17 29. Bxh3 Qxh3) 29. Bxh3 Qxh3 30. Qf1 (30. d5 {seems wilder.} Bf6 31. Bxf6 Nxf6 32. dxc6 bxc6 33. Rxd6 Ne4 34. Rxc6 Qd7 35. Ra6) 30... Qd7 31. h3 Bf6 (31... Nf6 $17 {Threatens to win with ...Ne4.} 32. Rad1 Ne4 33. Rxe3 Qd8) 32. Nf3 Re4 33. Ne1 (33. Qg2 $11 {keeps the balance.}) 33... Qf5 $17 34. h4 $2 {[#]} (34. Rad1 $17) 34... Bd8 $2 (34... Bxh4 $1 $19 {[%mdl 512]} 35. gxh4 Rxf4) 35. d5 $2 {[#]} (35. Nf3 $17 {might work better.}) 35... c5 $2 (35... Bxh4 $1 $19 {and Black stays clearly on top.} 36. gxh4 Rxf4) 36. Nf3 Bf6 37. Bxf6 Nxf6 38. Nh2 a6 39. a4 R8e7 40. a5 Re8 41. Rc1 ({Better is} 41. Kg2 $15) 41... Rd4 42. Rcd1 {[#]} Rxd3 (42... Re7 $1 $17 43. Rxd4 cxd4) 43. Rxd3 $11 Kg7 44. Rc3 Kg8 45. Kg2 Qe4+ 46. Kg1 Re7 47. Rd3 Qf5 48. Rc3 Re8 49. Qf3 Ng4 50. Nxg4 hxg4 {[%mdl 4096] Endgame KQR-KQR} 51. Qf1 f6 52. Qc1 Qe4 53. Qc2 Qxc2 54. Rxc2 {KR-KR} g5 (54... Re4 $11 {remains equal.}) 55. hxg5 (55. fxg5 $16 fxg5 56. hxg5) 55... fxg5 (55... Kf7 $11) 56. fxg5 $16 Kf7 57. Rc3 (57. Rc1 $16) 57... Kg6 $11 58. Kf1 (58. b4 $11) 58... Kxg5 $15 59. b4 cxb4 60. Rb3 Re4 61. Rxb4 Rd4 (61... Kf5 $17) 62. Rxb7 $11 Rxc4 {White should prevent ...Rc1+.} 63. Rb6 Rc1+ 64. Kg2 Re1 65. Rxd6 Rxe2+ 66. Kf1 Rf2+ 67. Ke1 Kf5 68. Rxa6 Ke4 {White must now prevent ...Ra2.} 69. Rb6 Ra2 70. a6 Kf3 {( -> ...Ra1+)} 71. Rf6+ Ke4 {And now ...Kd3 would win.} 72. Rg6 $2 {[%mdl 8192]} (72. Rb6 $11) 72... Ke5 $2 {[%mdl 32768] Accuracy: White = 28%, Black = 29%. . Sensor Board Error (Ke4/e5)?} (72... Kd3 {mates} 73. Kf1 Ra1+ 74. Kg2 e2 75. Re6 e1=Q 76. Rxe1 Rxe1 77. d6 Re8 78. Kf2 Rd8 79. a7 Rf8+ 80. Kg1 Ke2 81. d7 Rd8 82. a8=Q Rxa8 83. Kg2 Rh8 84. Kg1 Kf3 85. d8=B Rxd8 86. Kh1 Kxg3 87. Kg1 Rd1#) 0-1

[Event "8th Holuj-Radzikowska Rapid 2018"]
[Site "Wroclaw"]
[Date "2018.12.10"]
[Round "3"]
[White "Warakomska, Anna"]
[Black "Abdumalik, Zhansaya"]
[Result "0-1"]
[WhiteElo "2233"]
[BlackElo "2470"]
[Annotator "TA"]
[PlyCount "117"]
[EventDate "2018.11.26"]
[EventType "schev"]
[EventCountry "POL"]
[SourceTitle "playchess.com"]
[Source "ChessBase"]
[SourceQuality "1"]
[WhiteTeam "Poland"]
[BlackTeam "World"]
[WhiteTeamCountry "POL"]

{[%evp 9,117,-9,-18,-30,0,0,0,0,10,-43,-31,-62,14,-24,64,0,95,41,52,64,131,44,79,38,59,24,67,-97,-68,-83,-81,-171,-171,-185,-188,-175,-170,-180,-172,-145,-151,-306,-295,-295,-305,-327,-334,-321,-312,-280,-241,-241,-231,-256,-97,-97,-97,-97,-100,-91,-93,-91,-102,-87,-93,-94,-62,-68,-69,-66,-28,-42,0,0,0,0,6,0,16,6,147,169,193,51,34,-11,0,-38,-45,-135,-124,-124,-124,-124,-14,-129,-131,-119,-16,-622,-230,-222,-220,-210,-220,-494,-430,-427,-377,-565]} 1. e4 c5 2. Nf3 e6 3. b3 b6 4. Bb2 Bb7 5. Bd3 Nc6 {LiveBook: 26 Games} 6. e5 {B40: Sicilian: 2...e6, Unusual lines} (6. a3 Nf6 7. O-O d6 8. Re1 Be7 9. Bf1 O-O 10. d3 Nd7 11. Nbd2 Bf6 12. Bxf6 Nxf6 {1-0 (29) Kasimdzhanov,R (2683)-Ganguly,S (2650) Riadh 2017}) 6... Qb8 $146 ({Predecessor:} 6... d5 7. exd6 Nf6 8. O-O Bxd6 9. Na3 O-O 10. Re1 Be7 11. Bf1 Qd7 12. Ne5 Nxe5 13. Bxe5 {½-½ (27) Rohacek,M (2296)-Schwarz,D (2294) Slovakia 2009}) 7. O-O Be7 8. Re1 {The position is equal.} g5 9. h3 (9. Na3 $11) 9... h5 $1 $15 10. Nh2 $1 a6 (10... f5 $15) 11. a4 Nb4 ({Better is} 11... Nd4 $11) 12. Be4 (12. Be2 $14) 12... Nd5 (12... Bxe4 $11 13. Rxe4 f5 14. exf6 Nxf6) 13. Na3 (13. d4 $16) 13... f5 $14 14. exf6 $1 Ngxf6 ({Black should play} 14... Bxf6 $14 15. d4 Nf4) 15. Bg6+ ({White should try} 15. Nc4 $16) 15... Kd8 16. Nc4 (16. Be5 $5 {[%cal Re5b8]} d6 17. Bxf6 Bxf6 18. Rxe6 $11) 16... Nf4 $1 {[%cal Rf4g6]} 17. Be5 Qc8 18. Bxf6 $2 (18. Bxf4 $14 gxf4 19. Nf3) 18... Bxf6 $17 19. Nd6 $1 {[%cal Rd6c8]} Qc6 $40 {[%csl Gb7,Gf4][%cal Rc6g2][%mdl 128] Black wants a kill.} 20. Be4 (20. Nxb7+ $17 Qxb7 21. Be4) 20... Qxd6 $19 21. Bxb7 Ra7 $1 {[%cal Ra7b7]} 22. Bf3 Bxa1 23. Qxa1 Qd4 24. Qxd4 cxd4 25. Re4 $2 (25. Bd1 $17) 25... Rc7 26. Bd1 d5 27. Rxd4 {[#]} Rxc2 $1 {[%mdl 512]} 28. Rxd5+ (28. Bxc2 Ne2+) 28... exd5 (28... Nxd5 $2 29. Bxc2 Ke7 30. Bd3 $17) 29. Bxc2 {[%mdl 4096] Endgame KRN-KBN} Ne2+ 30. Kf1 Nd4 31. Bd1 g4 $2 (31... Kd7 $19 {has better winning chances.} 32. Nf3 Nxf3 33. Bxf3 Kd6) 32. hxg4 $17 hxg4 33. Kg1 Re8 34. Kf1 {[#]} g3 $1 {[%mdl 512]} 35. fxg3 Rh8 36. Kg1 Ke7 {[%mdl 1024] Black has strong compensation.} 37. Nf3 Nf5 38. g4 Ng3 39. Kf2 Ne4+ 40. Ke3 Kf6 41. Bc2 Nc5 42. g5+ Ke6 43. d4 Nd7 44. Kf4 Nf8 (44... Rf8+ $11 45. Kg4 Nb8) 45. Bf5+ $1 $16 Kf7 46. Ne5+ (46. Ke5 $1 $18) 46... Kg7 $1 $14 47. Bc8 Rh4+ 48. g4 Rh3 49. Bxa6 (49. Kf5 $15) 49... Ne6+ $17 50. Kf5 Nxd4+ {[%mdl 64] Double Attack} 51. Kf4 Ne6+ 52. Kf5 {[#]} Nc5 $1 {[%cal Rc5a6]} 53. Bb5 Nxb3 (53... Rxb3 $17 54. Nc6 Re3) 54. Be8 $2 {[%mdl 8192]} (54. Ke6 $11) 54... d4 $2 (54... Re3 {Hoping for ...Nd4+.} 55. Ke6 d4) 55. Bb5 $19 {[#]} Nc5 $1 {White must now prevent ...d3.} 56. Kf4 Re3 57. Nc4 $2 (57. g6 {keeps fighting.}) 57... Re4+ 58. Kf3 d3 59. Nxb6 {Accuracy: White = 38%, Black = 48%.} (59. Nd2 $142 Re1 60. Bc4) 0-1

[Event "8th Holuj-Radzikowska Rapid 2018"]
[Site "Wroclaw"]
[Date "2018.12.10"]
[Round "4"]
[White "Harika, Dronavalli"]
[Black "Socko, Monika"]
[Result "1/2-1/2"]
[WhiteElo "2494"]
[BlackElo "2458"]
[Annotator "TA"]
[PlyCount "98"]
[EventDate "2018.11.26"]
[EventType "schev"]
[EventCountry "POL"]
[SourceTitle "playchess.com"]
[Source "ChessBase"]
[SourceQuality "1"]
[WhiteTeam "World"]
[BlackTeam "Poland"]
[BlackTeamCountry "POL"]

{[%evp 13,98,31,30,21,41,28,35,27,46,8,16,18,42,55,62,33,32,7,9,0,2,0,78,84,100,112,129,151,136,120,111,114,119,109,213,211,243,112,121,99,112,99,98,99,148,152,147,122,110,108,185,122,171,145,170,166,290,102,970,999,976,854,6111,6111,6103,6103,6102,6079,4133,0,0,0,0,0,0,0,0,0,0,0,0,0,0,0,0,0,0]} 1. d4 d6 2. e4 g6 3. Bd3 Bg7 4. c3 c5 5. Ne2 Nc6 6. O-O Nf6 7. h3 O-O {LiveBook: 20 Games. B07: Pirc Defence: Miscellaneous Systems} 8. a3 (8. Be3 cxd4 9. cxd4 Nb4 10. Nbc3 Nxd3 11. Qxd3 b6 12. d5 e5 13. dxe6 fxe6 14. Rfd1 Bb7 15. Qxd6 Qxd6 16. Rxd6 Nxe4 17. Rxe6 Nxc3 18. Nxc3 {½-½ (52) Nepomniachtchi,I (2632)-Smirin,I (2650) Netanya 2009}) 8... b6 9. Be3 Bb7 {White has an edge.} 10. Nd2 Rc8 $146 ({Predecessor:} 10... e5 11. d5 Ne7 12. b4 Nexd5 13. exd5 Nxd5 14. bxc5 Nxe3 15. fxe3 Qg5 16. Rf2 Qxe3 {0-1 (38) Ibrahimov,R (2310)-Aronian,L (2420) Moscow 1997}) 11. Ng3 cxd4 12. cxd4 e5 13. d5 $1 {[%cal Rd5c6]} Nd4 14. Bxd4 exd4 15. Nb3 Nd7 16. Ne2 Nc5 17. Nbxd4 Re8 (17... Qe7 $11 {keeps the balance.}) 18. f3 $1 $16 Qg5 19. Bb5 Qe3+ 20. Kh1 Re7 21. Rc1 {Hoping for b4.} a6 22. Rc3 $1 {[%cal Rc3e3]} Qg5 23. Bc6 $1 {[%cal Rc6b7]} Rec7 (23... Bxc6 $16 24. Nxc6 (24. dxc6 Rec7 $16) 24... Bxc3 25. Nxe7+ Qxe7 26. Nxc3 Qe5) 24. b4 $18 Bxc6 25. dxc6 (25. bxc5 $18 Bxd5 26. exd5 bxc5 27. Nc6) 25... Ne6 $16 26. Nxe6 fxe6 27. Rd3 (27. Qxd6 $6 Bxc3 28. Qxe6+ Kg7 $11) 27... Rxc6 28. Rxd6 Rc2 29. f4 $1 $36 {[%cal Rf4g5][%mdl 2048] Keeping Black busy.} Qb5 30. Nd4 Bxd4 31. Rxd4 Qe8 (31... Qe2 $16 {was worth a try.} 32. Rd8+ Rxd8 33. Qxd8+ {[%mdl 64] Double Attack} Kf7 34. Qd7+ Kf8) 32. Rd2 ({Better is} 32. Qd3 $18) 32... R2c3 33. f5 exf5 34. exf5 {Black must now prevent Rd7.} gxf5 (34... Rc1 $142 35. Qxc1 Rxc1 36. Rxc1 gxf5) 35. Re1 $2 ({Wrong is} 35. Rxf5 $2 Rc1 $19) (35. Rd7 $18 {and the rest is easy.} R3c6 36. Re1 (36. Rxf5 $2 Rc1 $19) (36. Qd5+ Qe6 $16)) 35... Qf8 $2 {[%mdl 8192]} (35... Re3 $16 36. Rf1 Qe4) 36. Rd7 $18 Qf6 37. Qd5+ Kh8 38. Ree7 {[%csl Gd7][%cal Re7h7]} Rxh3+ 39. gxh3 {[%csl Gd7][%cal Re7h7]} Rc1+ {[#]} 40. Kh2 $1 {[%csl Gd7][%cal Re7h7]} Rc2+ {[#]} 41. Kh1 $2 (41. Qg2 $1 $18 Rxg2+ 42. Kxg2 Qb2+ 43. Kf3 Qb3+ 44. Kf4) 41... Rc1+ $1 $11 {The position is equal.} 42. Kg2 {[%csl Gd7][%cal Re7h7]} Qg5+ 43. Kf3 {[%csl Gd7][%cal Re7h7]} Qh5+ 44. Kf4 {Intending Qe5+ and mate.} Qh4+ 45. Ke5 {[%cal Re7e8]} Qg3+ {[%mdl 64] Double Attack} 46. Kf6 {[%csl Gd7][%cal Re7h7]} Qg6+ 47. Ke5 Qg3+ 48. Kf6 {[%csl Gd7][%cal Re7h7]} Qg6+ 49. Ke5 {Threatening mate with Rd8+.} Qg3+ {Accuracy: White = 49%, Black = 22%.} 1/2-1/2

[Event "8th Holuj-Radzikowska Rapid 2018"]
[Site "Wroclaw"]
[Date "2018.12.10"]
[Round "4"]
[White "Paehtz, Elisabeth"]
[Black "Szczepkowska, Karina"]
[Result "1/2-1/2"]
[WhiteElo "2487"]
[BlackElo "2408"]
[Annotator "TA"]
[PlyCount "87"]
[EventDate "2018.11.26"]
[EventType "schev"]
[EventCountry "POL"]
[SourceTitle "playchess.com"]
[Source "ChessBase"]
[SourceQuality "1"]
[WhiteTeam "World"]
[BlackTeam "Poland"]
[BlackTeamCountry "POL"]

{[%evp 25,87,38,54,38,208,188,279,270,274,221,424,422,561,431,429,422,488,452,435,438,450,440,419,318,415,408,409,399,478,400,478,-73,-75,-29986,-29987,-29987,-29988,-29984,993,868,1326,1170,1155,1127,1005,660,597,512,413,0,0,0,0,0,0,0,0,0,0,0,0,0,0,0]} 1. d4 Nf6 2. Nf3 e6 3. Bf4 c5 4. e3 Nc6 5. c3 d5 6. Nbd2 Bd6 7. Bg3 O-O 8. Bd3 b6 9. e4 {D02: 1 d4 d5 2 Nf3 sidelines, including 2...Nf6 3 g3 and 2...Nf6 3 Bf4} dxe4 (9... Be7 10. e5 Nh5 11. Nf1 cxd4 12. Nxd4 Nxd4 13. cxd4 g6 14. Ne3 f5 15. exf6 Bxf6 16. Be2 Nxg3 17. hxg3 {½-½ (37) Nakamura,H (2787)-Svidler,P (2760) Moscow 2018}) 10. Nxe4 Nxe4 11. Bxe4 Bb7 12. dxc5 Bxc5 13. Qa4 Na5 {LiveBook: 4 Games} 14. Rd1 Qf6 $2 ({Black should try} 14... Qc8 $1 $14) 15. Be5 $18 Qh6 (15... Qe7 $142) 16. Bxb7 Nxb7 17. b4 $146 ({Predecessor:} 17. Qe4 Qg6 18. Qxg6 fxg6 19. b4 {1-0 (19) Koepke,C (2331)-Lettl,G (2132) Tegernsee 2018}) 17... Be7 $2 (17... f6) 18. Qd7 {[%mdl 64] Double Attack} Rad8 19. Qxb7 Rxd1+ 20. Kxd1 Rd8+ 21. Kc2 Qg6+ 22. Kb3 Bf8 23. Nd4 f6 24. Qc7 Rd5 25. Bg3 e5 26. Ne6 Rd2 {( -> ...Qc2+)} 27. Rc1 Qe4 {Strongly threatening ...Qd5+.} 28. Nxf8 $2 {[#]} ({Only move:} 28. Qc8 $1 $18 {[%csl Ge6][%cal Rc8f8]} Qd5+ 29. c4 Qd3+ 30. Ka4 Rxa2+ 31. Kb5) 28... Qd5+ $1 $17 29. c4 $2 {[%mdl 8192]} (29. Qc4 $17 Rb2+ 30. Kxb2 Qxc4 31. Nd7) 29... Qd3+ 30. Rc3 Qb1+ 31. Ka4 {[#]} Rxa2+ $4 {[%mdl 8192]} (31... a6 $1 {and all is fine.} 32. Qxg7+ Kxg7 33. Ne6+ Kg6 34. a3 Qd1+ 35. Rb3 Rb2 36. Nc5 bxc5 37. Ka5 Qxb3 {[%mdl 64] Double Attack} 38. Kb6 cxb4 39. a4 Qxc4 40. f4 exf4 41. Be1 Rxg2 42. Bf2 Rxf2 43. Kb7 Rd2 44. h4 Rd7+ 45. Kb6 h5 46. Ka5 Qc5+ 47. Kxa6 Ra7#) 32. Kb5 $18 {Threatens to win with Ne6.} a6+ 33. Kc6 Qe4+ 34. Kxb6 Qd4+ 35. Qc5 Qxc3 36. Ne6 {[%csl Ge6][%cal Rc5f8]} Kf7 37. Qd6 $2 (37. Nd8+ $18 Kg6 38. Nc6) 37... Rd2 $11 {The position is equal.} 38. Nd8+ Ke8 $1 39. Qe6+ Kxd8 40. Qg8+ {[%mdl 64] Double Attack} Ke7 41. Qxg7+ Ke6 42. Qg8+ Ke7 43. Qg7+ Ke6 44. Qg8+ {Accuracy: White = 65%, Black = 40%.} 1/2-1/2

[Event "8th Holuj-Radzikowska Rapid 2018"]
[Site "Wroclaw"]
[Date "2018.12.10"]
[Round "4"]
[White "Javakhishvili, Lela"]
[Black "Warakomska, Anna"]
[Result "1-0"]
[WhiteElo "2464"]
[BlackElo "2233"]
[Annotator "TA"]
[PlyCount "139"]
[EventDate "2018.11.26"]
[EventType "schev"]
[EventCountry "POL"]
[SourceTitle "playchess.com"]
[Source "ChessBase"]
[SourceQuality "1"]
[WhiteTeam "World"]
[BlackTeam "Poland"]
[BlackTeamCountry "POL"]

{[%evp 13,139,-4,-2,-25,-19,-16,0,4,12,9,25,-25,0,-62,-38,-46,-59,-82,12,-93,-102,-103,-60,-62,-78,-91,-61,-66,-45,-32,-35,-62,-43,-53,-41,-48,-53,-95,-91,-91,9,0,12,0,0,0,0,0,0,0,0,-4,-5,-12,17,15,20,20,34,-64,0,-24,-16,-15,0,0,0,-206,-173,-213,13,13,13,14,14,15,15,15,16,17,25,22,30,34,77,25,25,8,8,8,54,8,8,8,8,8,8,8,8,8,8,8,8,8,1221,1204,1128,1128,188,8,8,8,506,460,904,908,2570,2309,1128,989,29966,29965,29975,29976,29978,29979,29979,29980]} 1. Nf3 d5 2. d3 Nf6 3. Nbd2 Bf5 4. g3 h6 5. Bg2 e6 6. O-O Be7 7. c3 {A07: Réti Opening: New York and Capablanca Systems} (7. b3 O-O 8. Bb2 c5 9. Re1 Nc6 10. e4 Bh7 11. Ne5 Nxe5 12. Bxe5 Rc8 13. a4 b6 14. h3 Re8 15. f4 a6 16. Qe2 b5 17. axb5 axb5 {1-0 (32) Maghsoodloo,P (2584)-Van Wely,L (2675) Bandar e Anzali 2017}) 7... c6 {LiveBook: 8 Games} 8. Qc2 O-O 9. e4 {The position is equal.} dxe4 10. dxe4 Bh7 11. Re1 Nbd7 12. Nb3 a5 $146 {[%cal Ba7a5,Ba5a4][%mdl 32]} ({Predecessor:} 12... Qc7 13. Bf4 e5 14. Bd2 a5 15. a4 {0-1 (43) Boje,T (2028)-Larsen,K (2293) Copenhagen 2010}) 13. Bf4 (13. a4 $11) 13... a4 14. Nbd2 Nc5 15. Ne5 {[#]} Nfd7 (15... Nd5 $1 $17 {[%mdl 512]} 16. Be3 (16. exd5 Bxc2) 16... Nxe3 17. Rxe3 Qc7) 16. Nec4 (16. Ndc4 $11 {keeps the balance.}) 16... b5 $17 17. Na3 Nb6 18. Be3 Qc7 19. Rad1 Rad8 20. Nf1 Rxd1 21. Rxd1 Rd8 22. f3 f5 23. Rxd8+ Qxd8 24. Qf2 Nbd7 {[%cal Rf5e4]} 25. Nc2 {[%cal Ba3c2,Bc2d4,Bd4c6][%mdl 32]} fxe4 26. Nd4 exf3 (26... Qc8 $17 {...e5 is the strong threat.} 27. fxe4 Bxe4) 27. Nxc6 $11 Qf8 28. Qxf3 Bf6 29. Qf4 Nd3 30. Qc7 $1 {[%cal Rc7d7]} N7c5 $36 {[%mdl 2048] Black has good play.} 31. Nb4 Bg5 32. Bd4 e5 33. Bxe5 Qf2+ 34. Kh1 {[%csl Ge5][%cal Rc7g7]} Nxe5 35. Qxe5 Bg6 36. Nd5 (36. h4 $14 Bf6 37. Qb8+ Kh7 38. Nd5 (38. Qxb5 a3 $17)) 36... Kh7 ({Black should try} 36... Nd3 $1 $15 37. Qd4 Qxd4 38. cxd4 Nxb2) 37. Qd4 Qxd4 38. cxd4 Nd3 39. h4 Bc1 40. Nc3 $2 (40. b3 $1 $11) 40... Bxb2 41. Nxb5 Be8 $2 (41... Nc1 $19 {White must now prevent ...Bd3.} 42. Ne3 Nxa2) 42. Be4+ Bg6 43. Bxg6+ Kxg6 {[%mdl 4096] Endgame KBN-KNN} 44. Ne3 a3 45. Kg2 Nb4 46. Nc4 Kf5 47. Kf3 Nxa2 48. Ncxa3 Bxa3 49. Nxa3 {KN-KN} (49. g4+ $1 $16 Ke6 50. Nxa3) 49... h5 $1 50. Nc4 {next Ne3+ is good for White.} Nc3 51. Ne3+ Kf6 52. Ng2 g5 53. Ke3 gxh4 54. gxh4 {Strongly threatening Nf4.} Kf5 55. Kf3 {Hoping for Nf4.} Nb5 56. Ne3+ Kf6 57. Ke4 {aiming for Nd5+.} Nc3+ $1 58. Kd3 Nb5 $2 {[%mdl 8192]} (58... Na4 $11) 59. Kc4 $18 Nd6+ 60. Kd5 Nf7 {[#]} 61. Kc6 $2 ({White has to play} 61. Nc4 $1 $18) 61... Ke6 $11 62. Kc5 Kf6 $2 {[%mdl 8192]} (62... Nd8 $11) 63. Kd5 $18 Nh6 {[#]} (63... Nh8 $142 64. Ke4 Ng6) 64. Ke4 $1 Nf7 65. Nd5+ Kg7 66. Nf4 Kh6 67. d5 {[%cal Bd4d5,Bd5d6][%mdl 32] White mates.} Nd6+ 68. Ke5 Nc4+ 69. Ke6 Nb6 70. d6 {Accuracy: White = 51%, Black = 42%.} 1-0

[Event "8th Holuj-Radzikowska Rapid 2018"]
[Site "Wroclaw"]
[Date "2018.12.10"]
[Round "4"]
[White "Zawadzka, Jolanta"]
[Black "Skripchenko, Almira"]
[Result "1-0"]
[WhiteElo "2423"]
[BlackElo "2408"]
[Annotator "TA"]
[PlyCount "67"]
[EventDate "2018.11.26"]
[EventType "schev"]
[EventCountry "POL"]
[SourceTitle "playchess.com"]
[Source "ChessBase"]
[SourceQuality "1"]
[WhiteTeam "Poland"]
[BlackTeam "World"]
[WhiteTeamCountry "POL"]

{[%evp 15,67,38,79,43,63,77,131,101,158,159,132,137,163,177,214,217,232,216,233,168,177,176,497,492,495,487,488,416,419,230,1184,1114,3454,1818,1761,1716,1475,1294,1130,1004,814,794,2045,1504,1425,1385,1938,1752,12362,12828,6108,5260,29994,29995]} 1. e4 d5 2. exd5 Qxd5 3. Nc3 Qd6 4. d4 Nf6 5. Nf3 g6 6. h3 {B01: Scandinavian Defence} Bg7 7. Bc4 O-O 8. O-O c6 {LiveBook: 4 Games} (8... a6 9. a4 c5 10. Be3 cxd4 11. Nxd4 Nc6 12. Re1 Bd7 13. Nb3 Qc7 14. a5 Rae8 15. Bb6 Qc8 16. Nc5 Nb8 {1-0 (78) Paravyan,D (2629)-Rakhmanov,A (2634) Sochi 2018}) 9. a4 Bf5 $146 ({Predecessor:} 9... Be6 10. Bd3 Nbd7 11. Re1 Nb6 12. a5 Nbd5 13. Ng5 Bd7 14. Nxd5 cxd5 {½-½ (49) Sedina,E (2302)-Ptacnikova,L (2238) Warsaw 2013}) 10. Re1 Nbd7 ({Black should play} 10... Na6) 11. b3 a6 (11... Qb4 $142) 12. Ba3 $16 c5 13. Qe2 Rae8 14. Rad1 Qc7 15. g4 Nxg4 16. hxg4 Bxg4 17. Nd5 Qc6 18. dxc5 h5 $2 (18... e6 {is a better chance.}) 19. Nxe7+ $18 Rxe7 20. Qxe7 Qxf3 21. Rd3 Qf5 22. c6 (22. Rd5 $142 Qf3 23. Re3) 22... Nf6 $2 (22... bxc6 23. Rxd7 Qxd7) 23. cxb7 Nh7 24. Qxf8+ {[%mdl 64] Remove Defender, Promotion} Nxf8 25. b8=Q Bf3 {[#]} 26. Rxf3 $1 Qxf3 27. Bxf8 Bxf8 28. Qg3 Qc6 29. Qf4 Qd7 30. Bxa6 Bg7 31. Bc4 Kh7 32. Bxf7 Bh6 33. Qf3 {Intending Re6 and mate.} Qd2 {[#]} 34. Bxg6+ $1 {Accuracy: White = 76%, Black = 14%.} 1-0

[Event "8th Holuj-Radzikowska Rapid 2018"]
[Site "Wroclaw"]
[Date "2018.12.10"]
[Round "4"]
[White "Kulon, Klaudia"]
[Black "Abdumalik, Zhansaya"]
[Result "0-1"]
[WhiteElo "2333"]
[BlackElo "2470"]
[Annotator "TA"]
[PlyCount "72"]
[EventDate "2018.11.26"]
[EventType "schev"]
[EventCountry "POL"]
[SourceTitle "playchess.com"]
[Source "ChessBase"]
[SourceQuality "1"]
[WhiteTeam "Poland"]
[BlackTeam "World"]
[WhiteTeamCountry "POL"]

{[%evp 18,72,2,0,29,-26,0,0,4,0,28,-10,-12,-34,-20,-30,-25,-39,-28,-33,-56,-100,-84,-108,-84,-99,-81,-100,-101,-173,-183,-256,-155,-72,-29,-18,-18,-523,-525,-523,-521,-520,-520,-506,-502,-1004,-1014,-4962,-4810,-4962,-4958,-29982,-29983,-29984,-29983,-29977,-29978]} 1. c4 c5 2. g3 g6 3. Bg2 Bg7 4. Nc3 Nc6 5. e3 e5 6. Nge2 Nge7 7. O-O O-O 8. a3 d6 9. Rb1 Be6 10. Nd5 {LiveBook: 25 Games. A36: Symmetrical English vs ...g6: 4 Bg2 Bg7} Rc8 (10... a5 11. Nec3 Rb8 12. d3 Qd7 13. Qa4 b6 14. b4 axb4 15. axb4 Rfd8 16. b5 Na7 17. Nxe7+ Qxe7 {1-0 (49) Ponkratov,P (2605)-Evdokimov,A (2502) Moscow 2018}) 11. h3 $146 (11. d3 $142) ({Predecessor:} 11. b4 b6 12. b5 Na5 13. d3 Nxd5 14. cxd5 Bg4 15. a4 c4 16. Ba3 cxd3 17. Qxd3 Nc4 {½-½ (55) Sukhareva,E (2250)-Musalov,R (2371) Taganrog 2013}) 11... f5 12. d3 {The position is equal.} Bf7 13. Nec3 Nxd5 14. Nxd5 (14. cxd5 {feels hotter.} Ne7 15. e4 Be8 16. f4 c4 17. fxe5 Qb6+ 18. Kh2) 14... Ne7 15. e4 Nxd5 16. cxd5 b5 17. Be3 a5 18. f4 exf4 19. gxf4 Qd7 20. Qd2 c4 (20... Rfe8 {keeps more tension.} 21. Rbe1 c4 22. dxc4 fxe4 23. cxb5 Qxb5 24. Rf2 a4) 21. dxc4 Rxc4 22. exf5 Qxf5 23. Qxa5 (23. Rbc1 $17 {keeps fighting.}) 23... Rc2 $19 ({Worse is} 23... Bxd5 24. Qxb5 Bxg2 25. Qxf5 $14) 24. Qxb5 (24. Rbd1 $142) 24... Re8 25. Bf2 Qxf4 {( -> ...Be5)} (25... Rxf2 $5 26. Kxf2 g5 $16) 26. Qb4 Qf5 $40 {[%mdl 128] White needs to defend precisely.} 27. Qg4 $2 {[%mdl 8192] [#]} (27. Rbe1 $1 $11 {and White has nothing to worry.}) 27... Rxf2 $1 {[%mdl 512]} 28. Qxf5 (28. Rxf2 Qxb1+) 28... Rxf5 29. Rxf5 gxf5 30. b4 Bd4+ 31. Kf1 (31. Kh1 $142) 31... Bh5 32. Re1 Ra8 33. Rb1 Rxa3 34. b5 Ra2 {Black mates.} 35. Bh1 Rf2+ 36. Ke1 Rh2 {[%mdl 64] Double Attack, Trapped Piece. Accuracy: White = 23%, Black = 79%.} 0-1